Prístupy modernej makroekonomickej analýzy Týždeň vedy 2014
Enregistré dans:
| Auteur principal: | |
|---|---|
| Collectivité auteur: | |
| Format: | Livre |
| Langue: | slovaque |
| Publié: |
Bratislava
2014
|
| Sujets: | |
| Tags: |
Pas de tags, Soyez le premier à ajouter un tag!
|
MARC
| LEADER | 00000nam a2200000 4500 | ||
|---|---|---|---|
| 001 | 0197352 | ||
| 005 | 20240514075653.0 | ||
| 041 | 0 | |a slo | |
| 044 | |a SK | ||
| 245 | 1 | 0 | |a Prístupy modernej makroekonomickej analýzy |b Týždeň vedy 2014 |c Patrik Kupkovič |
| 264 | 1 | |a Bratislava |c 2014 | |
| 300 | |a [11 s., 2,54 NS] | ||
| 610 | 2 | 0 | |a analýza ekonometrická |
| 610 | 2 | 0 | |a analýza ekonomická |
| 610 | 2 | 0 | |a makroekonomika |
| 100 | 1 | |a Kupkovič, Patrik | |
| 710 | 2 | |a Fakulta hospodárskej informatiky EU. Katedra operačného výskumu a ekonometrie | |